<?xml version="1.0" encoding="UTF-8"?>
<collection xmlns="http://www.loc.gov/MARC21/slim">
  <record>
    <leader>00000nam  2200000   4500</leader>
    <controlfield tag="001">INLIS000000000018514</controlfield>
    <controlfield tag="005">20241120021203</controlfield>
    <datafield tag="035" ind1="#" ind2="#">
      <subfield code="a">0010-1124000180</subfield>
    </datafield>
    <controlfield tag="007">ta</controlfield>
    <controlfield tag="008">241120###########################0######</controlfield>
    <datafield tag="245" ind1="#" ind2="#">
      <subfield code="a">PEMASOK SPSS :</subfield>
      <subfield code="b">Penyusunan E-Modul Pengaplikasian Software Statistik SPSS /</subfield>
      <subfield code="c">Ahmad Mubaraq, M.M</subfield>
    </datafield>
    <datafield tag="260" ind1="#" ind2="#">
      <subfield code="a">Makassar :</subfield>
      <subfield code="b">Puslatbang KMP RI LAN Makassar,</subfield>
      <subfield code="c">2024</subfield>
    </datafield>
    <datafield tag="300" ind1="#" ind2="#">
      <subfield code="a">46 ;</subfield>
      <subfield code="c">30</subfield>
    </datafield>
    <datafield tag="650" ind1="#" ind2="4">
      <subfield code="a">Melakukan publikasi dan pelatihan pengelolahan dan analisis data menggunakan software SPSS</subfield>
    </datafield>
    <datafield tag="700" ind1=" " ind2="#">
      <subfield code="a">Dr. Nofal Nur, SE., M.M. (Mentor)</subfield>
    </datafield>
    <datafield tag="700" ind1=" " ind2="#">
      <subfield code="a">Wahyuni Fajaruddin, SH., MH (Coach)</subfield>
    </datafield>
    <datafield tag="520" ind1="#" ind2="#">
      <subfield code="a">Kegiatan pembuatan E-Modul Panduan Pengaplikasian Software SPSS bertujuan untuk meningkatkan keterampilan dan pemahaman mahasiswa dalam pengolahan dan analisis data dengan menggunakan software SPSS, kegiatan ini dilakukan dengan 4 tahapan yaitu penyusunan draft E-Modul kemudian melakukan Focus Group Discussion lalu melakukan Finalisasi E-Modul dan yang terakhir yaitu melakukan publikasi dan pelatihan pengolahan dan analisis data menggunakan software SPSS. Hasil kegiatan menunjukkan bahwa modul yang disusun secara sistematis dan dilengkapi dengan contoh praktis dapat meningkatkan kepercayaan diri mahasiswa dalam menggunakan software SPSS secara mandiri, kegiatan pelatihan yang dilakukan meningkatkan pemahaman dan keterampilan Mahasiswa dalam melakukan pengolahan dan analisis data menggunakan software SPSS Rekomendasi dari kegiatan ini mencakup pengembangan modul yang lebih interaktif dan pembaruan konten secara berkala untuk mengikuti perkembangan terbaru dalam analisis data.</subfield>
    </datafield>
    <datafield tag="856" ind1="#" ind2="#">
      <subfield code="a">PUSLATBANG KMP LAN RI Makassar</subfield>
    </datafield>
  </record>
</collection>
